Challenges and opportunities : policy options for the forestry sector in the Asia-Pacific region

Bibliographic Details
Main Author: BYRON
Corporate Authors: Centre for International Forestry Research (CIFOR), Food and Agriculture Organization of the United Nations (FAO)
Format: Book
Published: Rome : Food and Agriculture Organization of the United Nations , 1997
Series:Asia-Pacific forestry sector outlook study working paper series no. APFSOS/WP/09
Subjects:

MARC

LEADER 00000cam a2200000 7i4500
001 0000002682
005 20040121.0
090 0 0 |a FAO634.95   |b BYR 1997 
100 1 0 |a BYRON   |h Neil 
245 1 0 |a Challenges and opportunities :   |b policy options for the forestry sector in the Asia-Pacific region   |c Neil Byron 
260 0 0 |a Rome :   |b Food and Agriculture Organization of the United Nations ,   |c 1997 
300 |a 64 p. ;   |c 30 cm. 
440 0 0 |a Asia-Pacific forestry sector outlook study working paper series no. APFSOS/WP/09 
500 0 0 |a Bibliography : p. 57-59 
650 0 0 |a Forests and forestry   |z Asia 
650 0 0 |a Forests and forestry   |z Pacific Area 
710 1 1 |a Centre for International Forestry Research (CIFOR) 
710 1 1 |a Food and Agriculture Organization of the United Nations (FAO) 
998 |a JPSM 
999 |a 0000004734   |b Monograph   |c Food and Agriculture Organization   |e Default branch 
999 |a 0000004735   |b Monograph   |c Food and Agriculture Organization   |e Default branch